| 000 | 00692nam a2200229Ii 4500 | ||
|---|---|---|---|
| 003 | JO-AjNU | ||
| 008 | 230605s9999||||xx |||||||||||||| ||und|| | ||
| 017 | _a1984/7211 | ||
| 020 | _a977-11-0126-9 | ||
| 040 |
_aJO-AjNU _bara _erda _cJO-AjNU |
||
| 041 | _aara | ||
| 050 | 1 | 4 | _aHQ1216.Z3422 1984 |
| 100 | 3 |
_aابراهيم، زكريا, _eauthor _97173 |
|
| 245 | 0 | 0 | _aسيكولوجية المرأة |
| 264 | 3 | 1 | _aالقاهرة: مكتبة مصر، 1984 |
| 300 | _a171ص | ||
| 336 |
_atext _btxt _2rdacontent |
||
| 337 |
_aunmediated _bn _2rdamedia |
||
| 338 |
_avolume _bnc _2rdacarrier |
||
| 490 | 0 | _aالثقافة السيكولوجية | |
| 650 | 4 |
_aعلم نفس المرأة _97174 |
|
| 999 |
_aA144 _c3712 _d3712 |
||